| 000 | 00933nam0a22002411 4500 | ||
|---|---|---|---|
| 001 | rc\553590 | ||
| 005 | 20030616170227.2 | ||
| 035 | _a(NLR Aleph) 005789181 | ||
| 090 |
_a5178517 _c5178517 |
||
| 100 | _a20030616d1987 u |0rusy50 ca | ||
| 101 | 0 | _arus | |
| 102 | _aRU | ||
| 105 | _aa ||||||||| | ||
| 200 | 1 |
_aРасчет линейных радиотехнических цепей _eУчеб. пособие _fМ-во высш. и сред. спец. образования РСФСР, Андроп. авиац. технол. ин-т |
|
| 210 |
_aЯрославль _cЯПИ _aАндропов _cАндроп. авиац. технол. ин-т _d1987 |
||
| 215 |
_a75 с. _cил. _d20 |
||
| 320 | _aБиблиогр.: с. 57 | ||
| 700 | 1 |
_aГерманов _bС. К. _gСтанислав Константинович |
|
| 801 | 0 |
_aRU _bNLR _gpsbo |
|
| 801 | 1 |
_aRU _bELAR _2rusmarc |
|
| 852 |
_aNLR _j88-4/19301 |
||
| 942 | _cBOOK | ||
| 980 | _aNB | ||